000 00642nam a2200193 a 4500
005 20140412111301.0
008 010404s19uu xx 00 eng d
020 _a0-02-735351-6
050 _aTR(PS E
_bSa2 1991
100 _aFisher, Leonard Everett
245 _aSailboat lost /
_cLeonard Everett Fisher.
250 _a1st Ed.
260 _aNew York :
_bMacmillan Publishing Company,
_c1991.
300 _a1 v. (unp.) ; ill.
520 _aTwo boys are stranded when their boat is carried away by a high tide and then rescued when it returns.
650 _aBoats and boating - Fiction
650 _aStories in rhyme
999 _c103421
_d103421